00579nam a2200169Ia 4500008004100000041000800041082001500049100002100064245003600085260002500121300000800146365001500154700002100169906003400190999001900224952016600243230718s9999 xx 000 0 und d aeng a341.1bPOI aPoissant9145833 aHow To Think Like A Millionaire c1997bHarper Collins a272 cRs.b95.00 aPoissant9145833 dB:567206-Jun-2000cOTHb14.25 c300737d300737 00104070aCCEPbCCEPd2000-10-21eTechnical Book ServicesfOTHg80.75i5672l0o341.1pCCEP-BK-11943r2023-07-18 00:00:00t14.25v95.00w2000-06-06yBKz011943